Vállalati belső kommunikáció és belső public relations
Elmentve itt :
| Szerző: | |
|---|---|
| További közreműködők: | |
| Dokumentumtípus: | Szakdolgozat |
| Megjelent: |
2003
|
| Tárgyszavak: | |
| Online Access: | http://diploma.bibl.u-szeged.hu/40604 |
| LEADER | 00594nta a2200157 i 4500 | ||
|---|---|---|---|
| 001 | dipl40604 | ||
| 005 | 20130506083517.0 | ||
| 008 | 130506s2003 hu om 0|| zxx d | ||
| 040 | |a SZTE Diploma Repozitórium |b hun | ||
| 041 | |a zxx | ||
| 100 | 1 | |a Tarnavölgyi Gábor Ábris | |
| 245 | 1 | 0 | |a Vállalati belső kommunikáció és belső public relations |h [elektronikus dokumentum] / |c Gábor Ábris Tarnavölgyi |
| 260 | |c 2003 | ||
| 650 | 4 | |a Bölcsészettudományok | |
| 700 | 1 | |a Zsigmond Ágnes |e ths | |
| 856 | 4 | 0 | |u http://diploma.bibl.u-szeged.hu/id/eprint/40604/1/2003_tarnavolgyi_gabor_abris.pdf |z Dokumentum-elérés |